=LDR 00000nam 2200000 4500 =001 INLIS000000000034804 =005 20130612140710 =008 ***********************************ind** =035 ##$$0010-061300000034804 =041 ##$$a ind =082 ##$$a F Rom K =090 ##$$a F Rom K , Mac c1 =100 ##$$a MACHALI, Rochayah =245 ##$$a Cerita rakyat dari Australia, Rochayah Machali =260 ##$$a 2001 $b Jakarta =300 ##$$a 58 hlm, ilus, 21 cm =650 ##$$a Fiksi Anak =850 ##$$a NBPNMAT